|
|
|
|
| LEADER |
01011nam a2200313 a 4500 |
| 001 |
000001718 |
| 003 |
02051 |
| 005 |
20220602152947.0 |
| 008 |
171229s2000 vie |
| 040 |
|
|
|a LSK
|
| 041 |
0 |
|
|a VIE
|
| 082 |
0 |
|
|a 363.7
|b LÊ-T
|
| 100 |
1 |
|
|a Lê Trình
|
| 245 |
0 |
0 |
|a Đánh giá tác động môi trường :Phương pháp và ứng dụng.
|
| 260 |
|
|
|b Khoa học Kỹ Thuật,
|c 2000.
|
| 300 |
|
|
|a 248 pages ;
|c 24 cm.
|
| 653 |
|
|
|a Môi trường
|
| 852 |
|
|
|a Phòng Đọc - Phòng Mượn
|
| 901 |
|
|
|a 7
|
| 927 |
|
|
|a Sách chuyên khảo
|
| OWN |
|
|
|a LSK
|
| AVA |
|
|
|a UDN50
|b LSK
|d 363.7 LÊ-T
|e available
|t Error 5001 Not defined in file expand_doc_bib_avail.
|f 7
|g 0
|h N
|i 0
|k 1
|
| 999 |
|
|
|a From the UDN01
|
| AVA |
|
|
|a UDN50
|b LSK
|d 363.7 LÊ-T
|e available
|t Error 5001 Not defined in file expand_doc_bib_avail.
|f 7
|g 0
|h N
|i 0
|k 1
|
| TYP |
|
|
|a Monograph
|
| TYP |
|
|
|a Printed language
|
| 980 |
|
|
|a Mạng thư viện Đại học Đà Nẵng
|